Guess the Taylor Swift song by the Lyric - Statistics

General Stats
  • This quiz has been taken 51 times
    20 since last reset
  • The average score is 12 of 17
Answer Stats
Hint Answer % Correct
"Don't call me kid, don't call me baby..." Illicit Affairs
87%
"Good thing, my daddy made me get a boating license when I was 15..." No body No crime
87%
"All my mornings are Mondays stuck in an endless February..." Fortnight
80%
"I had the time of my life fighting dragons with you..." Long Live
80%
"I hate that stupid old pickup truck you never let me drive..." Picture to Burn
80%
"Were you sent by someone who wanted me dead? Did you sleep with a gun underneath our bed?..." The Smallest Man Who Ever Lived
80%
"I was tame, I was gentle, 'till the circus life made me mean..." Who's Afraid of Little Old me?
80%
"Leavin' like a father, running like water..." Cardigan
73%
"And I chose you, the one I was dancing with..." Maroon
73%
"The wine is cold, like the shoulder that I gave you in the street..." Paper Rings
73%
"And you call me up again just to break me like a promise..." All Too Well (10 minute version)
67%
"We gather here, we line up weepin' in a sunlit room..." My Tears Ricochet
67%
"Memorizing him was as easy as knowing all the words to your old favorite song..." Red
67%
"I'll be eighty-seven; you'll be eighty-nine, I'll still look at you like the stars that shine..." Mary's Song (Oh My My My)
60%
"She floats down the aisle like a pageant queen..." Speak Now
60%
"I once believed love would be black and white..." Daylight
53%
"So dignified in your well pressed suit..." Mr Perfectly Fine
47%
No matching quizzes found
Score Distribution
Percent of People with Each Score
Percentile by Number Answered
Your Score History
You have not taken this quiz since the last reset